Руководящие кадры : подбор, расстановка и воспитание

Bibliografische gegevens
Hoofdauteur: Пронин И. И. Иван Иванович
Taal:Russisch
Gepubliceerd in: Москва, Мысль, 1981
Editie:2-е изд., перераб. и доп.
Onderwerpen:
Formaat: Boek
KOHA link:https://koha.lib.tpu.ru/cgi-bin/koha/opac-detail.pl?biblionumber=309522

MARC

LEADER 00000nam0a2200000 4500
001 309522
005 20231102002210.0
020 |a RU  |b 81-92013 
035 |a (RuTPU)RU\TPU\book\334844 
090 |a 309522 
100 |a 20151113d1981 k y0rusy5003 ca 
101 0 |a rus 
102 |a RU 
105 |a y z 000zy 
200 1 |a Руководящие кадры : подбор, расстановка и воспитание  |f И. И. Пронин 
205 |a 2-е изд., перераб. и доп. 
210 |a Москва  |c Мысль  |d 1981 
215 |a 224 с. 
606 |a Партийные кадры  |2 stltpush  |3 (RuTPU)RU\TPU\subj\48342  |9 67214 
610 1 |a КПСС 
610 1 |a кадровая политика 
610 1 |a СССР 
610 1 |a подбор 
610 1 |a воспитание 
610 1 |a расстановка 
686 |a Ф61(2)302  |2 rubbk 
700 1 |a Пронин  |b И. И.  |g Иван Иванович 
801 0 |a RU  |b RuMRKP  |c 19950704  |g psbo 
801 1 |a RU  |b 63413507  |c 20151113 
801 2 |a RU  |b 63413507  |c 20181214  |g RCR 
942 |c BK